Football: Les meilleurs buteurs de ces équipes européennes. #5 - Statistiques

Statistiques générales
  • Ce quiz a été pris 67 fois
  • Le résultat moyen est 8 sur 25
Statistiques - réponses
Equipes Pays Joueurs % Correct
Colombie Radamel Falcao
80%
Suède Viktor Gyokeres
80%
Iran Mehdi Taremi
76%
Uruguay Luis Suarez
73%
Serbie Dusan Tadic
61%
Colombie Jackson Martinez
47%
Ajax Amsterdam Finlande Jari Litmanen
47%
Brésil Hulk
44%
Pays-Bas Bas Dost
32%
SL Benfica Paraguay Oscar Cardozo
31%
FC Porto Brésil Jardel
29%
Brésil Jardel
29%
PSV Eindhoven Pays-Bas Luuk De Jong
29%
Pays-Bas Siem De Jong
29%
Portugal Rafa
27%
Pays-Bas Ruud Van Nistelrooy
22%
Portugal Nuno Gomes
15%
Portugal Jonas
14%
Serbie Mateja Kezman
10%
Portugal Pedro Goncalves
5%
Portugal Pizzi
5%
Pays-Bas Davy Klaasen
3%
Sporting Portugal Portugal Liedson
3%
Suède Ola Toivonen
2%
Pays-Bas Jan Vennegoor of Hesselink
0%
Aucun quiz correspondant
Distribution des résultats
% des personnes avec chaque résultat
Percentile par nombre de réponses
Votre historique - résultats
Vous n’avez pas pris ce quiz